000 00537nam a2200205Ia 4500
005 20250508163208.0
008 008 250505s9999 xx 000 0 eng d
037 _aTextual
040 _aFEDL
_beng
_cFEDL
041 _aeng
_2eng
084 _a150, PAN
_qFEDL
100 _aPandey Ramshakal
_9204781
245 0 _aSamanya manovigyan
260 _aDelhi, India
_bAtmaram and Sons
_c1963
300 _aviii,232p.
365 _aINR
_b8
650 _aPsychology
942 _cTEXL
_h150, PAN
999 _c1381441
_d1381441